[Event "Daehne Cup Region 16/17 Vorrunde I"]
[Site "Hannover"]
[Date "2016.10.12"]
[Round "1"]
[White "Tuerstig, Alexander"]
[Black "Krueger, Finn"]
[Result "0-1"]
[WhiteElo "1077"]
[BlackElo "1628"]
[PlyCount "86"]
[EventDate "2016.10.12"]
[EventType "k.o."]
[EventCountry "GER"]
[SourceTitle "EXT 2022"]
[Source "ChessBase"]
[SourceDate "2021.10.06"]
[SourceVersion "1"]
[SourceVersionDate "2021.10.06"]
[SourceQuality "1"]

1. e4 c5 2. c4 Nc6 3. Nf3 g6 4. Nc3 Bg7 5. Be2 d6 6. 0-0 Nf6 7. Rb1 0-0 8. a3 a5 9. d3 Qc7 10. Qc2 Bg4 11. Nb5 Qc8 12. Be3 Nd7 13. Rfd1 Nde5 14. Nxe5 Bxe5 15. d4 cxd4 16. Bxd4 Nxd4 17. Nxd4 Bd7 18. Qd2 b6 19. f4 Bg7 20. b3 Qc5 21. b4 axb4 22. axb4 Qxd4+ 23. Qxd4 Bxd4+ 24. Rxd4 Ra2 25. Bf3 Be6 26. e5 dxe5 27. fxe5 Rc2 28. Bd5 Bxd5 29. cxd5 Rd8 30. d6 exd6 31. exd6 f5 32. Re1 Rd7 33. Re7 Rxe7 34. dxe7 Kf7 35. e8Q+ Kxe8 36. Rd5 Ke7 37. Rb5 Rc6 38. Kf2 Kd7 39. Ke3 Re6+ 40. Kf4 Re4+ 41. Kf3 Kc6 42. Rxb6+ Kxb6 43. g4 Rxg4 0-1

[Event "Daehne Cup Region 15/16 VI Rest"]
[Site "Neustadt"]
[Date "2016.07.24"]
[Round "3"]
[White "Nagel, Detlev"]
[Black "Krueger, Finn"]
[Result "1/2-1/2"]
[WhiteElo "1485"]
[BlackElo "1603"]
[PlyCount "62"]
[EventDate "2016.07.??"]
[EventType "swiss"]
[EventCountry "GER"]
[SourceTitle "EXT 2022"]
[Source "ChessBase"]
[SourceDate "2021.10.06"]
[SourceVersion "1"]
[SourceVersionDate "2021.10.06"]
[SourceQuality "1"]

1. e4 c5 2. Bc4 e6 3. Nc3 Ne7 4. Nf3 d5 5. Bb5+ Bd7 6. Bxd7+ Qxd7 7. exd5 exd5 8. d4 c4 9. 0-0 g6 10. Re1 Bg7 11. Qe2 Nbc6 12. Bg5 f6 13. Bf4 0-0 14. Qe6+ Qxe6 15. Rxe6 Nf5 16. Rd1 Rad8 17. g4 Nfe7 18. Rde1 Nc8 19. Kg2 f5 20. gxf5 Nxd4 21. Nxd4 Bxd4 22. Bh6 Bg7 23. Bxg7 Kxg7 24. fxg6 hxg6 25. Rd1 Rf5 26. Rd4 Kf7 27. Re3 Ne7 28. Rf3 Ke6 29. Rxf5 Kxf5 30. b3 cxb3 31. cxb3 Ke5 1/2-1/2

[Event "Daehne Cup Region 15/16 V Rest"]
[Site "Bissendorf"]
[Date "2016.04.15"]
[Round "3"]
[White "Krueger, Finn"]
[Black "Baeuerlein, Michael"]
[Result "1-0"]
[WhiteElo "1612"]
[BlackElo "1234"]
[PlyCount "83"]
[EventDate "2016.03.??"]
[EventType "swiss"]
[EventCountry "GER"]
[SourceTitle "EXT 2022"]
[Source "ChessBase"]
[SourceDate "2021.10.06"]
[SourceVersion "1"]
[SourceVersionDate "2021.10.06"]
[SourceQuality "1"]

1. e4 e6 2. b3 d5 3. Bb2 c5 4. exd5 Qxd5 5. Nc3 Qd8 6. Nf3 Nf6 7. Be2 Nc6 8. 0-0 a6 9. a4 Bd6 10. Re1 0-0 11. Bc4 Qc7 12. Ne4 Nxe4 13. Rxe4 h6 14. d3 Re8 15. Qd2 Rb8 16. d4 Bd7 17. dxc5 Bxc5 18. Rg4 e5 19. Re4 Bf5 20. Ree1 Rbd8 21. Qe2 Nd4 22. Nxd4 exd4 23. Qd2 Rxe1+ 24. Rxe1 a5 25. Qe2 Bd7 26. Qf3 Bc6 27. Qd3 Qf4 28. g3 Qg4 29. Qe2 Qh3 30. Qf1 Qxf1+ 31. Kxf1 Kh7 32. f4 f6 33. Bd3+ g6 34. Re6 Bd5 35. Rxf6 Rg8 36. g4 Be7 37. Rb6 Rg7 38. Bxd4 Rg8 39. Kf2 Bf7 40. Rxb7 Bf8 41. Rxf7+ Rg7 42. Rxg7+ 1-0

[Event "Hannover-chA"]
[Site "Lehrte"]
[Date "2010.10.11"]
[Round "6"]
[White "Krueger, Finn"]
[Black "Kohnen, Katharina"]
[Result "1-0"]
[WhiteElo "1497"]
[BlackElo "1391"]
[PlyCount "85"]
[EventDate "2010.10.09"]
[EventType "swiss"]
[EventRounds "7"]
[EventCountry "GER"]
[SourceTitle "EXT 2021"]
[Source "ChessBase"]
[SourceDate "2020.10.23"]
[SourceVersion "1"]
[SourceVersionDate "2020.10.23"]
[SourceQuality "1"]

1. e4 e6 2. d4 d5 3. e5 c5 4. c3 a6 5. Nf3 Nc6 6. Be3 Qb6 7. Qc2 g6 8. Nbd2 Nh6 9. dxc5 Bxc5 10. Bxh6 Bxf2+ 11. Kd1 Be3 12. Bxe3 Qxe3 13. Qd3 Qb6 14. Nb3 Bd7 15. Qe2 h6 16. Nbd4 0-0-0 17. Rc1 Kb8 18. Qf2 Qa5 19. b3 g5 20. Nxc6+ Bxc6 21. Nd4 Rdf8 22. Nxc6+ bxc6 23. Rc2 c5 24. b4 cxb4 25. cxb4 Qa4 26. Qb6+ Ka8 27. Qxa6+ Qxa6 28. Bxa6 Ka7 29. b5 f6 30. Rc7+ Kb8 31. Rb7+ Ka8 32. Re1 fxe5 33. Rxe5 Rf2 34. Re2 Rf6 35. Re7 Rf1+ 36. Kc2 Rf4 37. R7xe6 Rc4+ 38. Kb3 Rd4 39. b6 Rb8 40. Re8 Re4 41. Rxb8+ Kxb8 42. Rxe4 dxe4 43. Kc3 1-0

[Event "Hannover Region-ch"]
[Site "Hannover"]
[Date "2009.02.14"]
[Round "4"]
[White "Winkelbach, Marc"]
[Black "Krueger, Finn"]
[Result "0-1"]
[WhiteElo "1430"]
[BlackElo "1456"]
[PlyCount "38"]
[EventDate "2009.01.10"]
[EventType "swiss"]
[EventRounds "7"]
[EventCountry "GER"]
[SourceTitle "EXT 2021"]
[Source "ChessBase"]
[SourceDate "2020.10.23"]
[SourceVersion "1"]
[SourceVersionDate "2020.10.23"]
[SourceQuality "1"]

1. d4 d5 2. c4 e6 3. e3 Nf6 4. Nf3 Nc6 5. cxd5 exd5 6. Bb5 Bd7 7. Nc3 Bb4 8. Bd2 0-0 9. Qc2 a6 10. Ba4 b5 11. Bb3 Ne7 12. Ng5 Bf5 13. e4 dxe4 14. Ncxe4 Bxd2+ 15. Qxd2 Nxe4 16. Qf4 Nxg5 17. Qxg5 Bg6 18. 0-0-0 Nf5 19. Bd5 Qxg5+ 0-1

[Event "Hannover Region-ch"]
[Site "Hannover"]
[Date "2008.02.27"]
[Round "5"]
[White "Efremov, Igor"]
[Black "Krueger, Finn"]
[Result "0-1"]
[WhiteElo "1603"]
[BlackElo "1242"]
[PlyCount "94"]
[EventDate "2008.01.12"]
[EventType "swiss"]
[EventRounds "7"]
[EventCountry "GER"]
[SourceTitle "EXT 2021"]
[Source "ChessBase"]
[SourceDate "2020.10.23"]
[SourceVersion "1"]
[SourceVersionDate "2020.10.23"]
[SourceQuality "1"]

1. e4 c5 2. b4 cxb4 3. a3 e6 4. axb4 Bxb4 5. c3 Bc5 6. d4 Bb6 7. Nf3 d5 8. e5 Nc6 9. Bd3 Nge7 10. Bg5 0-0 11. Qc2 h6 12. h4 hxg5 13. Bh7+ Kh8 14. hxg5 g6 15. Bxg6+ Kg7 16. Rh7+ Kg8 17. Bxf7+ Rxf7 18. g6 Rg7 19. Nh4 Nf5 20. g3 Rxh7 21. gxh7+ Kxh7 22. Nd2 Kg7 23. Ndf3 Nce7 24. 0-0-0 Nxh4 25. Nxh4 Nf5 26. Rh1 Bd7 27. Qe2 Qg5+ 28. Kb2 Rh8 29. Nf3 Qg4 30. Rg1 a6 31. Re1 Bb5 32. Qd2 Qxf3 33. Qg5+ Kh7 34. Rc1 Rg8 35. Qf6 Qxf2+ 36. Ka3 Qf3 37. Qxe6 Bxd4 38. Rh1+ Qxh1 39. Qxf5+ Rg6 40. Qf7+ Rg7 41. Qf5+ Kg8 42. Qc8+ Be8 43. Qxe8+ Kh7 44. cxd4 Rxg3+ 45. Kb4 Qb1+ 46. Kc5 Qb5+ 47. Kd6 Qxe8 0-1